Ordenanzas que S.M. manda observar para la enseñanza de medicina práctica en las cátedras nuevamente establecidas en el Hospital General de Madrid, con la denominación de Estudio Real de Medicina Práctica. (Record no. 187491)

MARC details
000 -LEADER
campo de control de longitud fija 00961nam a2200205 i 4500
001 - NÚMERO DE CONTROL
campo de control 187491
003 - IDENTIFICADOR DE NÚMERO DE CONTROL
campo de control ES-MaACL
005 - FECHA Y HORA DE LA ÚLTIMA TRANSACCIÓN
campo de control 20250826055616.0
008 - DATOS DE LONGITUD FIJA--INFORMACIÓN GENERAL
campo de control de longitud fija 170828s1795 sp |||| | spa d
245 00 - MENCIÓN DEL TÍTULO
Título Ordenanzas que S.M. manda observar para la enseñanza de medicina práctica en las cátedras nuevamente establecidas en el Hospital General de Madrid, con la denominación de Estudio Real de Medicina Práctica.
260 ## - PUBLICACIÓN, DISTRIBUCIÓN, ETC.
Lugar de publicación, distribución, etc. Madrid :
Nombre del editor, distribuidor, etc. en la Imprenta Real,
Fecha de publicación, distribución, etc. 1795.
300 ## - DESCRIPCIÓN FÍSICA
Extensión 54 p. ;
Dimensiones 24 cm.
530 ## - NOTA DISPONIBLE DE FORMULARIO FÍSICO ADICIONAL
Nota de formato físico adicional disponible Disponible en formato digital.
597 ## - NOTA DE DESCRIPCIÓN FÍSICA
NOTA DE DESCRIPCIÓN FÍSICA Portada con escudo real xilográfico.
650 #7 - PUNTO DE ACCESO ADICIONAL DE MATERIA--TÉRMINO DE MATERIA
Término de materia o nombre geográfico como elemento de entrada Medicina-
Subdivisión general Estudio y enseñanza-
Subdivisión geográfica España
Fuente del encabezamiento o término
9 (RLIN) 151425
710 1# - ENTRADA AGREGADA--NOMBRE DE ENTIDAD CORPORATIVA
Nombre de entidad corporativa o nombre de jurisdicción como elemento de entrada España.
Unidad subordinada Rey (1788-1808: Carlos IV)
9 (RLIN) 153208
852 ## - LOCALIZACIÓN
Ubicación ES-MaACL
Número de control de estantería R-3015-17
Nota libre - Enc. piel, hierros dorados
Encuadernación Olim:T-48-F
856 ## - LOCALIZACIÓN Y ACCESO ELECTRÓNICOS
Identificador Uniforme de Recursos <a href="http://alfama.sim.ucm.es/dioscorides/consulta_libro.asp?ref=X53326319X&idioma=0">http://alfama.sim.ucm.es/dioscorides/consulta_libro.asp?ref=X53326319X&idioma=0</a>
Nota pública Fondo Histórico-UCM
Holdings
Estatus retirado Estado de pérdida Estado de daño No para préstamo Colección Biblioteca de origen Biblioteca actual Ubicación en estantería Fecha de adquisición Fuente de adquisición Total de préstamos Signatura topográfica completa Código de barras Visto por última vez Precio de reemplazo Tipo de ítem Koha
        Colección digital Biblioteca del Ateneo de Madrid Biblioteca del Ateneo de Madrid Depósito 28/08/2017     R-3015-17 1197959 23/02/2023 23/02/2023 Libro impreso antiguo